Countries and US States by Borders in 90 Seconds - Statistics

General Stats
  • This quiz has been taken 5,110 times
  • The average score is 185 of 245
Answers on the Map
Answers color-coded by a green-red scale on the quiz's map according to % correct below.
 
Answer Stats
Hint Hint Country % Correct
241.4 204 Antigua and Barbuda
100%
683 342 Australia
100%
209 180.9 Bahamas
100%
494.3 174 Bahrain
100%
246.5 217 Barbados
100%
326.7 206.9 Cape Verde
100%
479.4 301.4 Comoros
100%
206 190.2 Cuba
100%
455.3 143.7 Cyprus
100%
242.4 209.5 Dominica
100%
717.7 235.2 Federated States of Micronesia
100%
782.9 320.1 Fiji
100%
241.6 220.6 Grenada
100%
Hawaii
100%
341 43 Iceland
100%
206 200.2 Jamaica
100%
693.3 140 Japan
100%
21 272 Kiribati
100%
486 324.3 Madagascar
100%
545.9 248.9 Maldives
100%
412.9 141.1 Malta
100%
760.6 232.2 Marshall Islands
100%
510.1 329.1 Mauritius
100%
756.2 263.4 Nauru
100%
776.7 391.9 New Zealand
100%
680.5 241.3 Palau
100%
657 220.6 Philippines
100%
239.4 203.4 Saint Kitts and Nevis
100%
243.2 214.6 Saint Lucia
100%
242.7 216.8 Saint Vincent and the Grenadines
100%
802.8 307.7 Samoa
100%
395.5 260.6 São Tomé and Príncipe
100%
505.5 277 Seychelles
100%
614.2 256.7 Singapore
100%
742.1 295 Solomon Islands
100%
652.9 182.1 Taiwan
100%
798.1 328.7 Tonga
100%
242.5 226.6 Trinidad and Tobago
100%
804.5 282.8 Tuvalu
100%
755.5 318.6 Vanuatu
100%
Mexico
94%
New Mexico
94%
Canada
93%
Texas
93%
China
92%
Russia
92%
Arizona
91%
Brazil
91%
France
91%
California
90%
India
90%
Kazakhstan
90%
Mongolia
90%
Myanmar
90%
Nepal
90%
North Korea
90%
Pakistan
90%
Pennsylvania
90%
Azerbaijan
89%
Bhutan
89%
Montana
89%
New York
89%
North Dakota
89%
Poland
89%
Suriname
89%
Argentina
88%
Bolivia
88%
Ohio
88%
Peru
88%
Vermont
88%
Belarus
87%
Colombia
87%
Finland
87%
Libya
87%
Michigan
87%
Minnesota
87%
Norway
87%
Ukraine
87%
Washington
87%
Germany
86%
Paraguay
86%
Alaska
85%
Georgia
85%
Spain
85%
Sudan
85%
Switzerland
85%
Uruguay
85%
Venezuela
85%
Central African Republic
84%
New Hampshire
84%
Niger
84%
Algeria
83%
Chad
83%
Guyana
83%
Lithuania
83%
Maine
83%
South Sudan
83%
Turkey
83%
D. R. Congo
82%
Iraq
82%
Latvia
82%
Afghanistan
81%
Estonia
81%
Georgia
81%
Alabama
80%
Austria
80%
Italy
80%
Rep. of the Congo
80%
Saudi Arabia
80%
South Africa
80%
Tanzania
80%
Zambia
80%
Angola
79%
Armenia
79%
Botswana
79%
Iran
79%
Laos
79%
Namibia
79%
Oklahoma
79%
Uganda
79%
United Kingdom
79%
Zimbabwe
79%
Arkansas
78%
Cameroon
78%
Mauritania
78%
Mozambique
78%
Nevada
78%
Oman
78%
Wyoming
78%
Colorado
77%
Idaho
77%
Belgium
76%
Jordan
76%
Mali
76%
Missouri
76%
Morocco
76%
Nebraska
76%
Rwanda
76%
United Arab Emirates
76%
Utah
76%
Yemen
76%
Burkina Faso
75%
Burundi
75%
Florida
75%
Lesotho
75%
Luxembourg
75%
Netherlands
75%
Oregon
75%
Swaziland
75%
Vietnam
75%
Denmark
74%
Egypt
74%
Ethiopia
74%
Kuwait
74%
Nigeria
74%
Guatemala
73%
Tennessee
73%
Bangladesh
72%
Bulgaria
72%
Czech Republic
72%
Sri Lanka
72%
Turkmenistan
72%
Hungary
71%
Qatar
71%
Belize
70%
Kansas
70%
Kentucky
70%
Kyrgyzstan
70%
Malaysia
70%
Slovenia
70%
Tajikistan
70%
Chile
69%
Kenya
69%
Andorra
68%
Indonesia
68%
Iowa
68%
Romania
68%
Somalia
68%
Côte d'Ivoire
67%
Guinea
67%
Ireland
67%
Louisiana
67%
South Dakota
67%
Serbia
66%
North Carolina
65%
Papua New Guinea
65%
Sweden
65%
Portugal
64%
Senegal
64%
Gabon
63%
Benin
62%
Eritrea
62%
Greece
62%
Illinois
62%
Macedonia
62%
Thailand
62%
East Timor
61%
Indiana
61%
Djibouti
60%
Cambodia
59%
Virginia
59%
Wisconsin
59%
San Marino
58%
Tunisia
58%
Vatican City
58%
Croatia
57%
Mississippi
56%
Montenegro
56%
Slovakia
56%
Syria
56%
Ecuador
55%
Israel
55%
West Virginia
54%
Albania
53%
Bosnia and Herzegovina
53%
Ghana
53%
Togo
52%
Costa Rica
51%
Moldova
51%
Panama
50%
South Carolina
50%
Kosovo
47%
Massachusetts
46%
Uzbekistan
46%
Honduras
45%
Nicaragua
45%
Connecticut
44%
New Jersey
44%
Monaco
42%
Liberia
41%
Maryland
40%
Sierra Leone
39%
El Salvador
38%
Dominican Republic
35%
Haiti
35%
Malawi
35%
Guinea-Bissau
34%
Lebanon
33%
South Korea
31%
Equatorial Guinea
28%
Gambia
27%
Brunei
26%
Delaware
26%
Liechtenstein
25%
Rhode Island
21%
No matching quizzes found
Score Distribution
Percent of People with Each Score
Percentile by Number Answered
Your Score History
You have not taken this quiz